[Fellows of the Royal Medical and Chirurgical Society of London]. (Record no. 183739)

MARC details
000 -LEADER
campo de control de longitud fija 00651nam a2200181 i 4500
001 - NÚMERO DE CONTROL
campo de control 183739
003 - IDENTIFICADOR DE NÚMERO DE CONTROL
campo de control ES-MaACL
005 - FECHA Y HORA DE LA ÚLTIMA TRANSACCIÓN
campo de control 20230906221948.0
008 - DATOS DE LONGITUD FIJA--INFORMACIÓN GENERAL
campo de control de longitud fija 141008s1841 xxk |||| | eng d
110 2# - ENTRADA PRINCIPAL--NOMBRE DE ENTIDAD CORPORATIVA
Nombre de entidad corporativa o nombre de jurisdicción como elemento de entrada Royal Medical and Chirurgical Society of London.
9 (RLIN) 155679
245 11 - MENCIÓN DEL TÍTULO
Título [Fellows of the Royal Medical and Chirurgical Society of London].
260 ## - PUBLICACIÓN, DISTRIBUCIÓN, ETC.
Lugar de publicación, distribución, etc. [London :
Nombre del editor, distribuidor, etc. s.n.,
Fecha de publicación, distribución, etc. 1841?]
300 ## - DESCRIPCIÓN FÍSICA
Extensión XXV p. ;
Dimensiones 20 cm.
594 ## - Nota al título y mención de responsabilidad
Nota al título y mención de responsabilidad Título y encabezamiento tomado del texto, ejemplar sin portada.
610 24 - PUNTO DE ACCESO ADICIONAL DE MATERIA--NOMBRE DE ENTIDAD CORPORATIVA
Nombre de entidad corporativa o nombre de jurisdicción como elemento de entrada Royal Medical and Chirurgical Society of London.
9 (RLIN) 155679
650 #4 - PUNTO DE ACCESO ADICIONAL DE MATERIA--TÉRMINO DE MATERIA
Término de materia o nombre geográfico como elemento de entrada Médicos-
Subdivisión geográfica Gran Bretaña.
9 (RLIN) 175663
852 4# - LOCALIZACIÓN
Ubicación ES-MaACL
Número de control de estantería T-16-F-2
Holdings
Estatus retirado Estado de pérdida Estado de daño No para préstamo Colección Biblioteca de origen Biblioteca actual Ubicación en estantería Fecha de adquisición Fuente de adquisición Total de préstamos Signatura topográfica completa Código de barras Visto por última vez Precio de reemplazo Tipo de ítem Koha
        Colección de folletos Biblioteca del Ateneo de Madrid Biblioteca del Ateneo de Madrid Depósito folletos 08/10/2014     T-16-F-2 1193175 23/02/2023 23/02/2023 Folleto